000 00578nam a2200193Ia 4500
005 20260120132133.0
008 008 260114s9999 xx 000 0 eng d
020 _a9780197706817
037 _aEBOOK
040 _aCRL
_beng
_cCRL
041 _aeng
_2eng
084 _qCRL
100 _aDavis
_9935385
245 0 _aGenetic Dilemmas: Reproductive Technology, Parental Choices, and Childrens Futures
260 _bOxford University PressOxford University Press
_c2023
856 _uhttps://academic.oup.com/book/50767
942 _cEBOOK
999 _c1527308
_d1527308